00576nam a22002057a 450000500170000001000110001702000100002803500110003803700160004904000120006508200180007710000220009524500760011725000110019326000440020430000240024865000400027265000320031270000260034420170124110156.0 a171842 c00.00 a171842 bCen Lib/Ret aDPLbEN a616.8903bHIN aHinsie, Leland E. aPsychiatric dictionary /cby Leland E.Hinsie [and] Robert Jean Campbell a3rd ed aNew YorkbOxford University Pressc1960 aix,788p. c22cm(Hb) aPsychiatry -- Dictionary -- English aPsychiatrie -- Terminologie aCampbell, Robert Jean